Η αγάπη, οι αγάπες
Saved in:
| Main Author: | |
|---|---|
| Other Authors: | |
| Format: | Book |
| Language: | Greek Italian |
| Published: |
Αθήνα :
Αποσπερίτης,
1982.
|
| Subjects: | |
| Tags: |
Add Tag
No Tags, Be the first to tag this record!
|
MARC
| LEADER | 00000cam a2200000 i 4500 | ||
|---|---|---|---|
| 001 | 1/35881 | ||
| 008 | 941103s1982####gr | ||| |||| ||gre|| | ||
| 035 | |a 1989 |c ΔΩΡΕΑ |l 10040093 | ||
| 040 | |a GR-MyUA |b gre |e AACR2 | ||
| 041 | 1 | |a gre |h ita | |
| 082 | 0 | |a 809.933 |2 (22) | |
| 100 | 1 | |a Paolozzi, Letizia. | |
| 245 | 1 | 2 | |a Η αγάπη, οι αγάπες / |c Λετίτσια Παολότσι ; μετάφραση Ντίνα Καραχάλιου. |
| 260 | |a Αθήνα : |b Αποσπερίτης, |c 1982. | ||
| 300 | |a 190 σ. ; |c 21 εκ. | ||
| 500 | |a Τίτλος πρωτοτύπου: L'amore gli amori. | ||
| 650 | 0 | 0 | |a Love in literature. |
| 650 | 0 | 0 | |a Love. |
| 650 | 0 | 0 | |a Emotions. |
| 650 | 0 | 0 | |a Sex (Psychology) |
| 700 | 1 | |a Καραχάλιου, Ντίνα, |e trlf | |
| 852 | |a INST |b SAMOS |e 19941103 |h 152.4 PAO |p 005300006549 |q 005300006549 |t BK |y 0 | ||
| 852 | |a INST |b SYROS |e 20120629 |h 809.933 PAO |p 005500010372 |q 005500010372 |t BK |y 0 | ||
| 901 | |a BIBL5-2012-2 | ||
| 909 | |a Ε |b 000136 | ||
| 909 | |a Σ |b 000202 | ||
| 970 | |a ΚΟΝΤΟΥ |b ΠΑΡΑΣΚΕΥΗ |z 2012/06/29 | ||